MARC

LEADER 00000nam0a2200000 4500
001 364274
005 20231102011655.0
035 |a (RuTPU)RU\TPU\retro\21632 
090 |a 364274 
100 |a 20211111d1981 km y0rusy50 ca 
101 0 |a rus 
102 |a RU 
105 |a a z 000zy 
200 1 |a Вычислительные системы  |e в 2 ч.  |h Вып. 2  |f под ред. Э. В. Евреинова 
210 |a Москва  |c Финансы и статистика  |d 1981 
215 |a 168 с.  |c ил. 
606 1 |a Вычислительные системы  |x Синтез  |2 stltpush  |3 (RuTPU)RU\TPU\subj\4278  |9 32566 
610 1 |a разработка 
610 1 |a совершенствование 
610 1 |a анализ 
610 1 |a параллельная обработка данных 
610 1 |a базы данных 
610 1 |a проектирование 
610 1 |a автоматизация 
610 1 |a вычислительные работы 
610 1 |a бухгалтерский учет 
675 |a 681.324  |v 4 
702 1 |a Евреинов  |b Э. В.  |4 340 
801 1 |a RU  |b 63413507  |c 20211111 
942 |c BK